000 01778cam a2200337 a 4500
001 17049022
003 NUST - PNEC
005 20170116181200.0
008 111117s2012 nyu 000 0deng
010 _a 2011047714
020 _a9781451657944
040 _aDLC
_cLIBRARY
043 _an-us---
050 0 0 _aBP161.3
_b.J37 2012
082 0 0 _a305.6970973 JAS
_223
100 1 _aJasser, M. Zuhdi,
_d1967-
245 1 2 _aA battle for the soul of Islam : an American Muslim patriot's fight to save his faith /
_cM. Zuhdi Jasser.
250 _a1st Threshold Editions hardcover ed.
260 _aNew York [N.Y.] :
_bThreshold Editions,
_c2012.
300 _aviii, 294 p. ;
_c25 cm.
505 0 _aMuslim in America. American patriots from Syria -- Two Islams -- A Muslim in the U.S. Navy -- Islam in my life -- America and Islam after 9/11. Changing the paradigm -- Arab responses to 9/11 -- American responses to Fort Hood -- The threat of homegrown Islamic radicalism -- Engaging Congressman Ellison and the Islamists -- Islam and Islamism today. Defeating political Islam -- How the Qur'an is misinterpreted -- An Islam compatible with American principles -- Epilogue: a letter to my children.
600 1 0 _aJasser, M. Zuhdi,
_d1967-
650 0 _aIslam
_y21st century.
650 0 _aIslamic fundamentalism.
650 0 _aIslam
_zUnited States.
650 0 _aSyrian Americans
_vBiography.
856 _uhttp://www.amazon.com/Battle-Soul-Islam-American-Patriots/dp/1451657943/ref=sr_1_1?s=books&ie=UTF8&qid=1454930378&sr=1-1&keywords=9781451657944
906 _a7
_bcbc
_corignew
_d1
_eecip
_f20
_gy-gencatlg
942 _2ddc
_cBK
999 _c71410
_d71410